[Event "Solta op 4th"]
[Site "Grohote"]
[Date "2021.08.13"]
[Round "7"]
[White "Lavrencic, Matic"]
[Black "Bosnjak, Nino"]
[Result "0-1"]
[WhiteElo "2005"]
[BlackElo "2241"]
[PlyCount "124"]
[EventDate "2021.08.08"]
[EventType "swiss"]
[EventRounds "9"]
[EventCountry "CRO"]
[SourceTitle "CBM 203 Extra"]
[Source "ChessBase"]
[SourceDate "2021.09.30"]
[SourceVersion "1"]
[SourceVersionDate "2021.09.30"]
[SourceQuality "1"]

1. e4 c6 2. d4 d6 3. Nf3 Nf6 4. Nc3 g6 5. Be2 Bg7 6. 0-0 0-0 7. h3 Nbd7 8. a4 e5 9. Be3 exd4 10. Bxd4 Re8 11. Nd2 Nc5 12. Bf3 Ne6 13. Be3 d5 14. exd5 Nxd5 15. Bxd5 cxd5 16. Ne2 d4 17. Bf4 d3 18. cxd3 Bxb2 19. Rb1 Nxf4 20. Nxf4 Be5 21. Qf3 Qd4 22. Ne2 Qxa4 23. Ne4 f5 24. Nc5 Qc6 25. Qxc6 bxc6 26. d4 Bf6 27. Rfe1 Kf7 28. Kf1 Re7 29. Rb4 a5 30. Ra4 Ba6 31. Nxa6 Rxa6 32. Rea1 Rea7 33. Nc3 Ra8 34. R1a3 Be7 35. Rb3 Ke6 36. Ke2 Bb4 37. Na2 Bd6 38. Kd3 Kd7 39. Rb7+ Bc7 40. Kc4 Rb6 41. Rxb6 Bxb6 42. Nc3 Kc7 43. Ra2 Re8 44. Na4 Re1 45. Nc3 Rg1 46. f3 Rc1 47. Kd3 Kd6 48. Na4 Bc7 49. Nc3 Bd8 50. Kd2 Bg5+ 51. Kd3 Bh4 52. Ne2 Rd1+ 53. Ke3 Be1 54. Nf4 Rb1 55. Nd3 Bc3 56. Ra3 Bb4 57. Ra2 Kd5 58. Rc2 Ra1 59. Rb2 Bc3 60. Nf4+ Kc4 61. Rb7 Bxd4+ 62. Ke2 Ra2+ 0-1

[Event "Solta Amateur op"]
[Site "Grohote"]
[Date "2018.06.30"]
[Round "8"]
[White "Bosnjak, Nino"]
[Black "Vlatkovic, Milos"]
[Result "1-0"]
[WhiteElo "2198"]
[BlackElo "2289"]
[PlyCount "94"]
[EventDate "2018.06.24"]
[EventType "swiss"]
[EventRounds "9"]
[EventCountry "CRO"]
[SourceTitle "CBM 185 Extra"]
[Source "ChessBase"]
[SourceDate "2018.07.29"]
[SourceVersion "1"]
[SourceVersionDate "2018.07.29"]
[SourceQuality "1"]

1. d4 Nf6 2. c4 e6 3. Nf3 Bb4+ 4. Bd2 c5 5. Bxb4 cxb4 6. Nbd2 Nc6 7. e4 d5 8. e5 Ne4 9. Bd3 Nxd2 10. Qxd2 dxc4 11. Bxc4 0-0 12. 0-0 Qe7 13. Rac1 Rd8 14. Rfd1 Bd7 15. Bd3 Rac8 16. Qf4 Be8 17. Qe4 g6 18. Qf4 Kg7 19. h4 f5 20. Rc2 Rc7 21. Rcd2 Na5 22. Be2 Bc6 23. h5 Bd5 24. b3 Rc3 25. hxg6 hxg6 26. Ng5 Rh8 27. Rd3 Nc6 28. Rg3 Rxg3 29. Qxg3 Nd8 30. Bc4 Qd7 31. Nh3 Qf7 32. Nf4 Nc6 33. Rd3 Ne7 34. Qg5 Rh6 35. Rg3 Kh7 36. Bxd5 exd5 37. Qf6 Kg8 38. Qd6 Kh8 39. Qd8+ Kg7 40. Qd7 Kh7 41. Ne6 Kh8 42. Ng5 Qf8 43. Qd6 Rh5 44. f4 Rh4 45. Ne6 Qh6 46. Qxe7 Rh1+ 47. Kf2 Rc1 1-0

[Event "Solta Amateur op"]
[Site "Grohote"]
[Date "2018.06.27"]
[Round "5"]
[White "Trkulja, Goran"]
[Black "Bosnjak, Nino"]
[Result "0-1"]
[WhiteElo "2292"]
[BlackElo "2198"]
[PlyCount "120"]
[EventDate "2018.06.24"]
[EventType "swiss"]
[EventRounds "9"]
[EventCountry "CRO"]
[SourceTitle "CBM 185 Extra"]
[Source "ChessBase"]
[SourceDate "2018.07.29"]
[SourceVersion "1"]
[SourceVersionDate "2018.07.29"]
[SourceQuality "1"]

1. Nf3 d5 2. c4 c6 3. d4 Nf6 4. Nc3 a6 5. g3 dxc4 6. Ne5 e6 7. Bg2 Bb4 8. 0-0 0-0 9. Nxc4 Nbd7 10. a3 Be7 11. e4 Re8 12. Be3 b5 13. Nd2 Bb7 14. e5 Nd5 15. Nxd5 cxd5 16. f4 Nb6 17. f5 exf5 18. Rxf5 Bc8 19. Rf2 Be6 20. Qe2 Rc8 21. Nb3 Nc4 22. Raf1 a5 23. Bc1 Rf8 24. Nd2 Nxd2 25. Bxd2 Qb6 26. Be3 Rc4 27. Bf3 b4 28. axb4 Rxb4 29. Ra1 Rb3 30. Qd2 Rb8 31. Ra2 Rb4 32. Bd1 Bd8 33. b3 Qa7 34. h4 Bb6 35. Rf4 h6 36. h5 Qe7 37. Qd3 Rc8 38. Raf2 Qd7 39. Bc2 Rxc2 40. Qxc2 Qb5 41. Rf1 Rxb3 42. Qf2 Qd3 43. Re1 a4 44. Qd2 Qxd2 45. Bxd2 Rxg3+ 46. Kf2 Rb3 47. Ra1 Bd7 48. Be3 Bb5 49. Rg4 Kf8 50. Rgg1 a3 51. Rgc1 Rb2+ 52. Kf3 Be2+ 53. Kf4 a2 54. Rc8+ Ke7 55. Ra8 Bc4 56. Kf5 Re2 57. Kf4 Bd8 58. Rg1 Rb2 59. Ra1 Kd7 60. Kf3 Bb6 0-1

[Event "Solta Amateur op"]
[Site "Grohote"]
[Date "2018.06.26"]
[Round "3"]
[White "Sredojevic, Ivan"]
[Black "Bosnjak, Nino"]
[Result "1-0"]
[WhiteElo "2298"]
[BlackElo "2198"]
[PlyCount "65"]
[EventDate "2018.06.24"]
[EventType "swiss"]
[EventRounds "9"]
[EventCountry "CRO"]
[SourceTitle "CBM 185 Extra"]
[Source "ChessBase"]
[SourceDate "2018.07.29"]
[SourceVersion "1"]
[SourceVersionDate "2018.07.29"]
[SourceQuality "1"]

1. e4 c6 2. d4 d5 3. Nc3 dxe4 4. Nxe4 Bf5 5. Ng3 Bg6 6. h4 h6 7. Nf3 e6 8. Ne5 Bh7 9. Bd3 Bxd3 10. Qxd3 Nd7 11. Qe2 Ngf6 12. Bd2 c5 13. dxc5 Bxc5 14. Nxd7 Qxd7 15. 0-0-0 Qc6 16. Bc3 Be7 17. Rhe1 0-0 18. Bxf6 Bxf6 19. Nh5 e5 20. Rd3 Bxh4 21. Qxe5 Qg6 22. Ng3 Qb6 23. Nh5 Qg6 24. g3 Bg5+ 25. f4 Qxh5 26. fxg5 Qxg5+ 27. Qxg5 hxg5 28. Re7 b6 29. Rdd7 g6 30. Rb7 Kg7 31. a4 Kf6 32. g4 a5 33. Rec7 1-0

[Event "Hum na Sutli op 10th"]
[Site "Hum na Sutli"]
[Date "2016.09.02"]
[Round "8"]
[White "Bosnjak, Nino"]
[Black "Kalajzic, Ivan"]
[Result "1-0"]
[WhiteElo "2123"]
[BlackElo "2189"]
[PlyCount "119"]
[EventDate "2016.08.26"]
[EventType "swiss"]
[EventRounds "9"]
[EventCountry "CRO"]
[SourceTitle "CBM 174 Extra"]
[Source "ChessBase"]
[SourceDate "2016.10.10"]
[SourceVersion "1"]
[SourceVersionDate "2016.10.10"]
[SourceQuality "1"]

1. d4 Nc6 2. c4 e5 3. d5 Nce7 4. e4 Nf6 5. Bd3 Ng6 6. Ne2 Bc5 7. 0-0 d6 8. b4 Bb6 9. Nd2 a5 10. c5 dxc5 11. bxa5 Bxa5 12. Nc4 0-0 13. Be3 Qe7 14. h3 b5 15. Nxa5 Rxa5 16. Qd2 b4 17. Rfc1 Bd7 18. Qc2 Ba4 19. Qb2 Nd7 20. a3 Bb5 21. Bxb5 Rxb5 22. axb4 Rxb4 23. Qc2 Rfb8 24. Ng3 Rb2 25. Nf5 Qf6 26. Qa4 R2b5 27. Qa7 Qb6 28. Ra6 Qb7 29. Qxb7 R5xb7 30. g3 Rb1 31. Rxb1 Rxb1+ 32. Kg2 Rb8 33. Ra7 Nf6 34. f3 Rb2+ 35. Kf1 h5 36. h4 Nd7 37. Rxc7 Ngf8 38. Bxc5 Rc2 39. Bd6 Rxc7 40. Bxc7 f6 41. Bd6 g6 42. Ne3 Nh7 43. Ke2 Kf7 44. Kd3 Nb6 45. Bc5 Nd7 46. Kc4 Ke8 47. Bd6 Ndf8 48. Kc5 Kd7 49. Nc4 g5 50. hxg5 fxg5 51. Nxe5+ Ke8 52. Kc6 Nf6 53. Bxf8 Kxf8 54. d6 Ke8 55. d7+ Ke7 56. Kc7 Nxd7 57. Nxd7 Ke6 58. Nc5+ Ke5 59. Nd3+ Kd4 60. e5 1-0

[Event "Bosnjaci op 21st"]
[Site "Bosnjaci"]
[Date "2016.01.06"]
[Round "5"]
[White "Bosnjak, Nino"]
[Black "Stocko, Josip"]
[Result "1/2-1/2"]
[WhiteElo "2117"]
[BlackElo "2334"]
[PlyCount "118"]
[EventDate "2016.01.03"]
[EventType "swiss"]
[EventRounds "9"]
[EventCountry "CRO"]
[SourceTitle "CBM 170 Extra"]
[Source "ChessBase"]
[SourceDate "2016.02.25"]
[SourceVersion "1"]
[SourceVersionDate "2016.02.25"]
[SourceQuality "1"]

1. Nf3 Nf6 2. g3 e6 3. Bg2 d5 4. c4 dxc4 5. Qa4+ Bd7 6. Qxc4 c5 7. Ne5 Qc8 8. Nc3 Nc6 9. Nxd7 Qxd7 10. 0-0 Be7 11. d3 0-0 12. Bg5 b6 13. d4 Rac8 14. dxc5 Ne5 15. Qf4 Ng6 16. c6 Qxc6 17. Qd4 Qc4 18. Rfd1 Qxd4 19. Rxd4 h6 20. Bxf6 Bxf6 21. Rd7 Bxc3 22. bxc3 Rxc3 23. Rxa7 Rfc8 24. f4 Nf8 25. Kf2 Rc1 26. Rxc1 Rxc1 27. a4 Rc4 28. Ke3 g5 29. Kd3 Rc1 30. Rb7 gxf4 31. gxf4 Rd1+ 32. Ke3 Rd6 33. Be4 Nd7 34. Bd3 Nc5 35. Rb8+ Kg7 36. Bb5 f5 37. Rc8 Nb3 38. Rc7+ Kg8 39. h4 Nd4 40. Bc4 Nc6 41. h5 Na5 42. Bb5 Nb3 43. Rc3 Nd4 44. Rc8+ Kg7 45. Rc7+ Kf6 46. Be8 e5 47. Rf7+ Ke6 48. Rh7 exf4+ 49. Kxf4 Nxe2+ 50. Ke3 Nc3 51. Rxh6+ Ke7 52. Rxd6 Kxd6 53. Kf4 Ke7 54. Bb5 Kf6 55. Bc6 Kg7 56. Kxf5 Kh6 57. Kg4 Kg7 58. Kg5 Kh7 59. Be8 Kg7 1/2-1/2

[Event "Bosnjaci op 21st"]
[Site "Bosnjaci"]
[Date "2016.01.06"]
[Round "6"]
[White "Pavic, Filip"]
[Black "Bosnjak, Nino"]
[Result "0-1"]
[WhiteElo "2248"]
[BlackElo "2117"]
[PlyCount "94"]
[EventDate "2016.01.03"]
[EventType "swiss"]
[EventRounds "9"]
[EventCountry "CRO"]
[SourceTitle "CBM 170 Extra"]
[Source "ChessBase"]
[SourceDate "2016.02.25"]
[SourceVersion "1"]
[SourceVersionDate "2016.02.25"]
[SourceQuality "1"]

1. e4 e5 2. Nf3 Nc6 3. Bb5 Nf6 4. 0-0 Nxe4 5. d4 Nd6 6. Bxc6 dxc6 7. dxe5 Nf5 8. Qxd8+ Kxd8 9. h3 Bd7 10. Nc3 Ke8 11. b3 Rd8 12. Rd1 Be7 13. Ne4 Bc8 14. Bg5 Rxd1+ 15. Rxd1 h6 16. Bxe7 Nxe7 17. Ng3 Nd5 18. Nh5 Nc3 19. Rd3 Nxa2 20. Nxg7+ Ke7 21. g4 Nb4 22. Rd2 Rg8 23. Nh5 c5 24. Nh4 a5 25. f4 Rd8 26. Rf2 Rd1+ 27. Kh2 Rc1 28. c4 Rb1 29. Rf3 Rb2+ 30. Kg3 Nc2 31. Ng7 Nd4 32. Nhf5+ Bxf5 33. Nxf5+ Ke6 34. Nxd4+ cxd4 35. h4 Rc2 36. g5 h5 37. Rf2 Rc3+ 38. Kg2 Kf5 39. Rd2 c5 40. Kf1 Re3 41. Re2 Rf3+ 42. Rf2 Rh3 43. Kg2 Rxh4 44. Kg3 Rg4+ 45. Kh2 b6 46. Rf3 Ke4 47. Rf1 d3 0-1

[Event "CRO-chT2 Ost"]
[Site "Croatia"]
[Date "2015.04.26"]
[Round "3.41"]
[White "Maras, Mile"]
[Black "Bosnjak, Nino"]
[Result "0-1"]
[WhiteElo "2227"]
[BlackElo "2148"]
[PlyCount "94"]
[EventDate "2015.04.25"]
[EventType "team-tourn"]
[EventRounds "11"]
[EventCountry "CRO"]
[SourceTitle "EXT 2016"]
[Source "ChessBase"]
[SourceDate "2015.10.08"]
[SourceVersion "1"]
[SourceVersionDate "2015.10.08"]
[SourceQuality "1"]

1. d4 d5 2. Nf3 Nf6 3. g3 c5 4. Bg2 cxd4 5. 0-0 Nc6 6. Nxd4 Qb6 7. Nxc6 bxc6 8. c4 e6 9. Qc2 Be7 10. Nd2 0-0 11. e4 Ba6 12. b3 Bc5 13. e5 Ng4 14. Nf3 dxc4 15. bxc4 Rfd8 16. Bf4 h6 17. h3 Nxf2 18. Rxf2 g5 19. Bc1 Bxf2+ 20. Qxf2 Rd1+ 21. Bf1 Bxc4 22. Bb2 Rad8 23. Qxb6 axb6 24. Rxd1 Rxd1 25. Nh2 Bxa2 26. Bc3 c5 27. Kf2 Bd5 28. Ng4 Kg7 29. Ne3 Rc1 30. Bd2 Rb1 31. h4 b5 32. hxg5 hxg5 33. Bd3 Rb2 34. Ke1 c4 35. Nxd5 exd5 36. e6 Kf8 37. Bf5 d4 38. Bxg5 fxe6 39. Bxe6 d3 40. Bf5 Kf7 41. g4 b4 42. Bd2 c3 43. Bxc3 bxc3 44. Bxd3 Kf6 45. Bf5 Rd2 46. Bc8 Kg5 47. Bf5 Kf4 0-1

[Event "CRO-chT2 East"]
[Site "Croatia"]
[Date "2014.04.27"]
[Round "3.23"]
[White "Bosnjak, Nino"]
[Black "Stocko, Josip"]
[Result "1/2-1/2"]
[WhiteElo "2187"]
[BlackElo "2232"]
[PlyCount "34"]
[EventDate "2014.04.26"]
[EventType "team-tourn"]
[EventRounds "11"]
[EventCountry "CRO"]
[SourceTitle "EXT 2019"]
[Source "ChessBase"]
[SourceDate "2018.10.10"]
[SourceVersion "1"]
[SourceVersionDate "2018.10.10"]
[SourceQuality "1"]

1. d4 Nf6 2. c4 e6 3. Nf3 Bb4+ 4. Bd2 Qe7 5. a3 Bxd2+ 6. Qxd2 d5 7. Nc3 0-0 8. e3 Nbd7 9. cxd5 exd5 10. Bd3 c6 11. Qc2 Re8 12. 0-0 Nf8 13. Ne5 Ng4 14. Nf3 Nf6 15. Ne5 Ng4 16. Nf3 Nf6 17. Ne5 Ng4 1/2-1/2

[Event "Bosnjaci op 19th"]
[Site "Bosnjaci"]
[Date "2014.01.05"]
[Round "4"]
[White "Matanovic, Zlatko"]
[Black "Bosnjak, Nino"]
[Result "0-1"]
[WhiteElo "2009"]
[BlackElo "2212"]
[PlyCount "70"]
[EventDate "2014.01.03"]
[EventType "swiss"]
[EventRounds "9"]
[EventCountry "CRO"]
[SourceTitle "CBM 158 Extra"]
[Source "ChessBase"]
[SourceDate "2014.02.28"]
[SourceVersion "1"]
[SourceVersionDate "2014.02.28"]
[SourceQuality "1"]

1. e4 c6 2. d4 d5 3. e5 Bf5 4. Bd3 Bxd3 5. Qxd3 e6 6. Ne2 Qa5+ 7. c3 Qa6 8. Qc2 Nd7 9. 0-0 Rc8 10. Be3 c5 11. f4 Nh6 12. h3 Nf5 13. Bf2 h5 14. Re1 Qb6 15. Qd2 Nb8 16. Na3 Nc6 17. Nc2 h4 18. Ne3 Ng3 19. Bxg3 cxd4 20. Bf2 dxe3 21. Bxe3 Bc5 22. Bxc5 Qxc5+ 23. Nd4 Nxd4 24. Qxd4 Qxd4+ 25. cxd4 Rc4 26. Rac1 Kd7 27. Rxc4 dxc4 28. Kf2 Kc6 29. Ke3 Kd5 30. Rc1 b5 31. b3 Rc8 32. Rc3 b4 33. bxc4+ Rxc4 34. Rxc4 Kxc4 35. Ke4 g6 0-1

[Event "Bosnjaci op 17th"]
[Site "Bosnjaci"]
[Date "2012.01.07"]
[Round "7"]
[White "Bosnjak, Nino"]
[Black "Blazeka, Matej"]
[Result "1-0"]
[WhiteElo "2240"]
[BlackElo "2196"]
[PlyCount "105"]
[EventDate "2012.01.03"]
[EventType "swiss"]
[EventRounds "9"]
[EventCountry "CRO"]
[SourceTitle "CBM 146 Extra"]
[Source "ChessBase"]
[SourceDate "2012.02.29"]
[SourceVersion "1"]
[SourceVersionDate "2012.02.29"]
[SourceQuality "1"]

1. d4 d5 2. Nf3 Nf6 3. g3 c6 4. Bg2 Bf5 5. 0-0 e6 6. c4 Nbd7 7. Nc3 h6 8. a4 a5 9. Nd2 Be7 10. e4 dxe4 11. Ndxe4 0-0 12. Be3 Nxe4 13. Nxe4 Nf6 14. Nc3 Qb6 15. Qe2 Qb3 16. Rfd1 Bb4 17. d5 Bxc3 18. dxc6 Qxb2 19. Qxb2 Bxb2 20. cxb7 Rab8 21. Ra2 Be5 22. c5 Bc7 23. c6 e5 24. Rb2 Rfd8 25. Rxd8+ Rxd8 26. h3 Ne8 27. Ba7 Bb8 28. Bxb8 Rxb8 29. Rb5 Nc7 30. Rxe5 Be6 31. Rxa5 Kf8 32. Re5 Ke7 33. a5 Kd6 34. f4 f6 35. Re1 Bd5 36. Rd1 Kxc6 37. Bxd5+ Nxd5 38. a6 Nb6 39. Rb1 Kc7 40. Rc1+ Kd6 41. Kf2 f5 42. g4 g6 43. gxf5 gxf5 44. Ke3 h5 45. Kd4 h4 46. Rg1 Kc7 47. Kc5 Nd7+ 48. Kb5 Rd8 49. Rg7 Kb8 50. Kc6 Nf6 51. a7+ Kxa7 52. Rg1 Kb8 53. Ra1 1-0

[Event "Bosnjaci op 17th"]
[Site "Bosnjaci"]
[Date "2012.01.06"]
[Round "6"]
[White "Jovanovic, Zoran"]
[Black "Bosnjak, Nino"]
[Result "1-0"]
[WhiteElo "2556"]
[BlackElo "2240"]
[PlyCount "65"]
[EventDate "2012.01.03"]
[EventType "swiss"]
[EventRounds "9"]
[EventCountry "CRO"]
[SourceTitle "CBM 146 Extra"]
[Source "ChessBase"]
[SourceDate "2012.02.29"]
[SourceVersion "1"]
[SourceVersionDate "2012.02.29"]
[SourceQuality "1"]

1. e4 c5 2. Nc3 Nc6 3. Bb5 g6 4. Bxc6 bxc6 5. d3 Bg7 6. f4 d6 7. Nf3 Rb8 8. 0-0 Nf6 9. Qe1 Bg4 10. Nd2 0-0 11. Qh4 Bd7 12. Nf3 Ne8 13. f5 e6 14. Bg5 f6 15. fxg6 hxg6 16. Bc1 Nc7 17. Qg3 Be8 18. Ne2 e5 19. Nh4 Kh7 20. b3 Qd7 21. Bd2 Rh8 22. Rf2 Ne6 23. Raf1 Qe7 24. Qg4 Nf8 25. Nc3 Kg8 26. Qg3 Rh7 27. Nd1 Qe6 28. Ne3 Rb7 29. Ng4 Rf7 30. h3 Kh8 31. a3 g5 32. Nf5 Ng6 33. Nxg7 1-0

[Event "Bosnjaci op 17th"]
[Site "Bosnjaci"]
[Date "2012.01.05"]
[Round "4"]
[White "Pancevski, Filip"]
[Black "Bosnjak, Nino"]
[Result "1-0"]
[WhiteElo "2459"]
[BlackElo "2240"]
[PlyCount "65"]
[EventDate "2012.01.03"]
[EventType "swiss"]
[EventRounds "9"]
[EventCountry "CRO"]
[SourceTitle "CBM 146 Extra"]
[Source "ChessBase"]
[SourceDate "2012.02.29"]
[SourceVersion "1"]
[SourceVersionDate "2012.02.29"]
[SourceQuality "1"]

1. e4 c5 2. Nc3 Nc6 3. Nf3 d6 4. d4 cxd4 5. Nxd4 Nf6 6. Bg5 e6 7. Qd2 a6 8. 0-0-0 Bd7 9. f4 Qc7 10. Nb3 b5 11. Bxf6 gxf6 12. Kb1 Rc8 13. Bd3 h5 14. Rhf1 b4 15. Ne2 Qb6 16. Qe1 h4 17. Rf3 a5 18. Rh3 a4 19. Nd2 a3 20. b3 Qc5 21. Nf3 Rg8 22. Qg1 Qh5 23. Nxh4 f5 24. exf5 Qh8 25. c3 bxc3 26. Bc2 Nb4 27. fxe6 Bxe6 28. f5 Bxb3 29. Qe3+ Kd7 30. Nd4 Bxa2+ 31. Ka1 Qxd4 32. Ba4+ Kc7 33. Qxd4 1-0